Statistics for Top grossing sports movies

Click here to take the quiz!

General Stats

  • This quiz has been taken 140 times
  • The average score is 8 of 20

Answer Stats

Hint Answer % Correct
$4471976BoxingRocky
97%
$2751979BoxingRocky II
89%
$3421982BoxingRocky III
88%
$2921985BoxingRocky IV
86%
$2191984Martial ArtsThe Karate Kid
68%
$2012005FootballThe Longest Yard
43%
$1752000FootballRemember the Titans
42%
$2772009FootballThe Blindside
39%
$1832006Car RacingTalladega Nights: The Ballad of Ricky Bobby
30%
$2521986Martial ArtsThe Karate Kid II
24%
$2101992BaseballA League of Their Own
22%
$2791998FootballThe Waterboy
20%
$2261942BaseballThe Pride of the Yankees
18%
$2831996FootballJerry Maguire
11%
$2131945Horse RacingNational Velvet
6%
$2831978FootballHeaven Can Wait
4%
$2001965Car RacingThe Great Race
1%
$1881979BoxingThe Main Event
1%

Score Distribution

Percentile by Number Answered

Percent of People with Each Score

Your Score History

You have not taken this quiz